00688nam a2200217Ia 450000500170000000800410001702000180005804000190007604100120009508200160010724500730012326000410019630000250023750400190026265000210028170000210030285000100032394200070033399900160034095201140035620221104114332.0131103s9999 xx 000 0 und d aSBN 195619536 aLoreto College aEnglish a954.02bRIC 4aThe imperial monetary system of mughal IndiacEdited by J.F.Richards aDelhibOxford University Pressc1987 aviii,382 p.b tables aIncludes index aMedieval History aRichards,J.F;ed. aLCLIB cBK c9492d59971 00102ddc4070aMAINbMAINd2013-11-04l7o954.02 RIC 34266pB9370r2023-03-13s2023-03-06w2013-11-04yBKf